000
00309nam a2200109Ia 4500
008
200302s9999 xx 000 0 und d
100
_a
Gerhard Mack
245
_a
Herzog and de neuron 1978-1988 Das Gesamtwerk band 1 the complete works Vol 1
260
_b
Birkhauser Verlag Gmbh
260
_c
2013
300
_a
247
999
_c
6193
_d
6193